000 00795nam a22001937a 4500
999 _c63018
_d63018
003 Ge_BSU
005 20250506115653.0
008 250506s2025 ge ||||| |||| 00| 0 geo d
020 _a9789941345876
041 _ageo
080 _a821.353.1-1 ფ-97
100 _aფუტკარაძე, ედიშერ
_918107
245 _aმუდამ იყავი ადამიანი :
_cედიშერ ფუტკარაძე; რედ. მაყვალა გონაშვილი
264 _aთბილისი :
_bმერიდიანი,
_c2025.
300 _a244 გვ.;
_b20 სმ.
653 _aლექსები
700 _a გონაშვილი, მაყვალა
_eრედაქტორი
_925013
942 _2udc
_cᲬᲘᲒᲜᲘ